000 01972nam a22003137a 4500
999 _c60313
_d60313
003 Ge_BSU
005 20230628143135.0
008 230628s2012 ge ||||| |||| 00| 0 geo d
020 _a9789941106842
041 _ageo
080 _a811.353.1 მ-31
245 _aმარი ბროსე 210 = Marie Brosset 210 :
_b [კრებული] /
_c სოხუმის სახელმწ. უნ-ტი, საქ. ისტორიისა და ეთნოლოგიის ინ-ტი ; რედ.: ლია ახალაძე, ბეჟან ხორავა, კახა კვაშილავა.
264 _aთბილისი :
_b მერიდიანი,
_c2012.
300 _a262 გვ. ;
_b24 სმ.
504 _aბიბლიოგრ. ტექსტ. შენიშვნ.
520 _aრეზ. ინგლ.
653 _aბროსე, მარი
653 _aფრანგი ქართველოლოგები
653 _aფრანგი ორიენტალისტები.
653 _aლიტერატურის ისტორია და კრიტიკა -- ქართული ლიტერატურა.
653 _aსაქართველოს გეოპოლიტიკა
653 _aსაქართველოს ახალი ისტორია.
653 _aმსოფლიოს ისტორია. ისტორიოგრაფია
700 _aახალაძე, ლია
_eავტორი,რედაქტორი
_919030
700 _aხორავა, ბეჟან
_eავტორი,რედაქტორი
_914138
700 _aკვაშილავა, კახა
_eრედაქტორი
_95508
710 _aსოხუმის სახელმწ. უნ-ტი.
_bსაქ. ისტ. და ეთნოლ. ინ-ტი.
_919031
942 _2udc
_cBK